| 000 | 00639nam a2200241Ia 4500 | ||
|---|---|---|---|
| 003 | OSt | ||
| 005 | 20220924122412.0 | ||
| 006 | a|||||r|||| 00| 0 | ||
| 007 | ta | ||
| 008 | 220923b |||||||| |||| 00| 0 urd d | ||
| 020 | _c112.50 | ||
| 024 | _a313112 | ||
| 037 | _cTextual | ||
| 040 |
_aARTS _cARTS _burd |
||
| 041 |
_2urd _aurd |
||
| 082 | _aO168,1M76w, M4.1-.3 | ||
| 100 |
_aJawed Iqbal _9189381 |
||
| 245 | 0 | _aZindah Rood | |
| 260 |
_aLahore _bShekh Ghulam Ali Pakistan _c1984 |
||
| 650 | _aURDU POETRY | ||
| 942 |
_hO168,1M76w, M4.1-.3 _cTEXL _2CC |
||
| 999 |
_c411482 _d411482 |
||